000 00570nam a2200145Ia 4500
008 100415s9999 xx 000 0 und d
082 _b12606
_a745.098(74)
100 _aWeismann Elizabeth Wilder
245 _aAmericas : the decorative arts in Latin America in the Era of the Revolution
260 _aWASHINGTON
_c1976
_bSMITHSONIAN INSTITUTION PRESS
365 _b0
630 _aAmericas : the decorative arts in Latin America in the Era of the Revolution
730 _aAmericas : the decorative arts in Latin America in the Era of the Revolution
942 _cBOOK
999 _c595523
_d595520